| 000 | 00806cam a2200277 4500 | ||
|---|---|---|---|
| 008 | 090401t1993 xxu||||| |||| 00| 0 eng d | ||
| 020 | _a0419174907 | ||
| 035 | _a(Sirsi) u76395 | ||
| 041 | _aeng | ||
| 050 | _a694.012 | ||
| 100 | _aRichardson, Barry A | ||
| 245 | _aWood preservation | ||
| 250 | _a2nd ed. | ||
| 260 |
_aLondon _bE & FN Spon _c1993 |
||
| 300 | _axii,226p. : ill. ; 25cm. | ||
| 350 | _a55 | ||
| 520 | _aThis book covers the history of preservation, the anatomy of timbers and their breakdown, preservation principles, materials and methods. | ||
| 650 | _aPRESERVATIVES | ||
| 650 | _aTIMBER TREATMENT | ||
| 650 | _aTIMBER | ||
| 650 | _aWOOD PRESERVATION | ||
| 650 | _aWOOD-BORERS | ||
| 690 | _aBUILT ENVIRONMENT-BUILDING MATERIALS | ||
| 942 | _n0 | ||
| 948 | _c04/03/1997 | ||
| 999 |
_c96169 _d96169 |
||